Prevention, powerlessness, and politics : (Record no. 2127)

000 -LEADER
fixed length control field nam a22 a 4500
003 - CONTROL NUMBER IDENTIFIER
control field AKMAL
005 - DATE AND TIME OF LATEST TRANSACTION
control field 20170515121900.0
008 - FIXED-LENGTH DATA ELEMENTS--GENERAL INFORMATION
fixed length control field 170515s1988 xxu 00 eng d
020 ## - INTERNATIONAL STANDARD BOOK NUMBER
International Standard Book Number 0803931646:
Terms of availability free
020 ## - INTERNATIONAL STANDARD BOOK NUMBER
International Standard Book Number 0803931654 (pbk.)
040 ## - CATALOGING SOURCE
Original cataloging agency AKMAL
Transcribing agency AKMAL
082 04 - DEWEY DECIMAL CLASSIFICATION NUMBER
Classification number 362.20425 ALB
090 ## - LOCALLY ASSIGNED LC-TYPE CALL NUMBER (OCLC); LOCAL CALL NUMBER (RLIN)
Classification number (OCLC) (R) ; Classification number, CALL (RLIN) (NR) 362.20425
Local cutter number (OCLC) ; Book number/undivided call number, CALL (RLIN) ALB
245 00 - TITLE STATEMENT
Title Prevention, powerlessness, and politics :
Remainder of title readings on social change /
Statement of responsibility, etc. edited by George W. Albee, Justin M. Joffe and Linda A. Dusenbury
260 ## - PUBLICATION, DISTRIBUTION, ETC.
Place of publication, distribution, etc. Newbury Park, Calif. :
Name of publisher, distributor, etc. SAGE Publications,
Date of publication, distribution, etc. 1988
300 ## - PHYSICAL DESCRIPTION
Extent 557p. ;
Dimensions 23cm
500 ## - GENERAL NOTE
General note Edited published papers from the Primary Prevention of Psychopathology held annually since 1975
504 ## - BIBLIOGRAPHY, ETC. NOTE
Bibliography, etc. note Includes bibliographical references
650 ## - SUBJECT ADDED ENTRY--TOPICAL TERM
Topical term or geographic name entry element Deviant behaviour
General subdivision Prevention
9 (RLIN) 4425
650 ## - SUBJECT ADDED ENTRY--TOPICAL TERM
Topical term or geographic name entry element Social problems
9 (RLIN) 2873
650 ## - SUBJECT ADDED ENTRY--TOPICAL TERM
Topical term or geographic name entry element Victims of crimes
9 (RLIN) 4426
650 ## - SUBJECT ADDED ENTRY--TOPICAL TERM
Topical term or geographic name entry element Psychology, Pathological
General subdivision Prevention
9 (RLIN) 4427
650 ## - SUBJECT ADDED ENTRY--TOPICAL TERM
Topical term or geographic name entry element Social change
9 (RLIN) 1104
700 1# - ADDED ENTRY--PERSONAL NAME
Personal name Albee, George W.
9 (RLIN) 4428
700 1# - ADDED ENTRY--PERSONAL NAME
Personal name Joffe, Justin M.
9 (RLIN) 4429
700 1# - ADDED ENTRY--PERSONAL NAME
Personal name Dusenbury, Linda A.
9 (RLIN) 4430
710 2# - ADDED ENTRY--CORPORATE NAME
Corporate name or jurisdiction name as entry element Vermont Conference on the Primary Prevention of Psychopathology
9 (RLIN) 4431
942 ## - ADDED ENTRY ELEMENTS (KOHA)
Source of classification or shelving scheme
Koha item type Book
Holdings
Withdrawn status Lost status Source of classification or shelving scheme Damaged status Not for loan Collection code Home library Current library Date acquired Inventory number Total Checkouts Full call number Barcode Date last seen Price effective from Koha item type
          NON-FICTION AKMAL Melaka AKMAL Melaka 15.05.2017 302160   362.20425 ALB 201706240 15.05.2017 15.05.2017 Book
Pusat Sumber Maklumat Dato' Haji Sarmin Md Hussin, Akademi Kastam Diraja Malaysia, Melaka
Tel: 06-2331106 | Faks: 06-2313787